000
00277nam a2200097Ia 4500
008
220204s9999 xx 000 0 und d
082
_a
NR:33(047)
_b
PLA
245
0
_a
Revised project report on the rehabiliations scheme (5000 acres rubber)
260
_a
Kottayam
_b
PCK
942
_c
BK
999
_c
23578
_d
23578